<?xml version="1.0" encoding="UTF-8"?>
<collection xmlns="http://www.loc.gov/MARC21/slim">
 <record>
  <leader>00742pamaa2200205   4500</leader>
  <controlfield tag="001">0000030543</controlfield>
  <controlfield tag="005">20060907090000.0</controlfield>
  <datafield tag="020" ind1="0" ind2="0">
   <subfield code="a">983253500X </subfield>
  </datafield>
  <datafield tag="090" ind1="0" ind2="0">
   <subfield code="a">HV6569.M4 </subfield>
   <subfield code="b">RAP 2002</subfield>
  </datafield>
  <datafield tag="245" ind1="0" ind2="4">
   <subfield code="a">The RAPE report : </subfield>
   <subfield code="b">an overview of rape in Malaysia  </subfield>
   <subfield code="c">writers, Lai Suat Yan ... [et all]; </subfield>
   <subfield code="f">editor, Alina Rastam.</subfield>
  </datafield>
  <datafield tag="260" ind1="0" ind2="0">
   <subfield code="a">Petaling Jaya, Selangor: </subfield>
   <subfield code="b">All Women's Action Society : Strategic Info Research Development, </subfield>
   <subfield code="c">2002..</subfield>
  </datafield>
  <datafield tag="300" ind1=" " ind2=" ">
   <subfield code="a">viii, 208 p.; </subfield>
   <subfield code="c">23 cm..</subfield>
  </datafield>
  <datafield tag="500" ind1="0" ind2="0">
   <subfield code="a">Includes bibliographical references (p. 204-208)</subfield>
  </datafield>
  <datafield tag="650" ind1="0" ind2="0">
   <subfield code="a">Rape -- </subfield>
   <subfield code="z">Malaysia </subfield>
  </datafield>
  <datafield tag="650" ind1="0" ind2="0">
   <subfield code="a">Rape victims -- </subfield>
   <subfield code="z">Malaysia </subfield>
  </datafield>
  <datafield tag="700" ind1="1" ind2="1">
   <subfield code="a">Lai, </subfield>
   <subfield code="h">Suat Yan </subfield>
  </datafield>
  <datafield tag="700" ind1="0" ind2="1">
   <subfield code="a">Alina Rastam </subfield>
  </datafield>
  <datafield tag="700" ind1="0" ind2="1">
   <subfield code="a">Maria Chin Abdullah </subfield>
  </datafield>
  <datafield tag="700" ind1="1" ind2="1">
   <subfield code="a">Ong, </subfield>
   <subfield code="h">Ju Lin </subfield>
  </datafield>
  <datafield tag="700" ind1="1" ind2="1">
   <subfield code="a">Wong, </subfield>
   <subfield code="h">Peck Lin </subfield>
  </datafield>
 </record>
</collection>
